00440nam a2200157Ia 45000010006000000050017000060080041000230410008000640820023000721000027000952450102001222600009002243000033002336500008002666540008002741585920260306170227.0260306t2008||||xx |||||||||||||| ||und|| aESP a620.112bA174 V. 1 aAshby, Michael F.eAUT 0aMateriales para ingeniería 1:bintroducción a las propiedades, las aplicaciones y el diseño c2008 axiv, 424 páginas :c24 cm. aGEN aCIC